Byť múzou je zaväzujúce Zuzana Kronerová bude v Banskej Štiavnici Sládkovičovou Marínou

Podrobná bibliografia
Hlavný autor: Andrejčáková, Eva, 1970- (Autor)
Médium: Článok
Jazyk:slovenčina
Fyzický popis:Fotogr.
ISSN:1335-440X
Predmet:

MARC

LEADER 00000nab a2200000 a 4500
001 vtls009089276
003 SK-MaSNL
005 20260303190537.0
008 140512c2007 xo dr|p|||||||000 b|slo
015 |a SNBRB2007/08  |2 snkbucl 
038 |a SNKBUCL 
040 |a SNKBUCL  |b slo  |c SNKBUCL  |e AACR2 
041 |a slo 
044 |a xo  |c SK 
080 |a 82:061.7  |2 2001 
080 |a 792.079  |2 2001 
080 |a 78.079  |2 2001 
100 1 |a Andrejčáková, Eva,  |d 1970-  |4 aut  |9 107023 
245 1 0 |a Byť múzou je zaväzujúce  |b Zuzana Kronerová bude v Banskej Štiavnici Sládkovičovou Marínou  |c Eva Andrejčáková 
300 |b Fotogr. 
500 |a Od 15.1.2007 návrat k pôvodnému vročeniu 
600 1 7 |a Kronerová, Zuzana,  |d 1952-  |2 snkbucl  |9 101892 
611 2 7 |a Cap á l'Est  |n (5. :  |d 2007 :  |c Banská Štiavnica, Slovensko)  |2 snkbucl  |9 1218986 
651 7 |a Banská Štiavnica (Slovensko)  |2 snkbucl  |9 16373 
773 0 |t Sme  |g Roč. 15, č. 183 (9.8.2007)  |x 1335-440X 
773 0 8 |t Kultúra  |g S. 18 
852 |a SNK  |b KIS3GCP 
958 |a SK 
999 |c 2136754  |d 2138684